000 00479cam a22001457a 4500
999 _c518585
_d518585
008 180718b-- xxu||||| |||| 00| 0 eng d
082 _aA45:B084 ICSSR/2018-19
100 _aIndian Council of Social Science Research
_927840
245 _aAnnual report,2018-19
260 _aNew Delhi
_bIndian Council of Social Science Research
_c2019
300 _a63p
500 _aLibrary has 2002-03, 2008/09 (H),2018-19
650 _aSocial sciences - Research - India
_927841
942 _2ddc